| 000 | 00730nam a22001937a 4500 | ||
|---|---|---|---|
| 003 | OSt | ||
| 005 | 20240530102939.0 | ||
| 008 | 240530b ||||| |||| 00| 0 eng d | ||
| 040 | _cAIMIT LIBRARY | ||
| 100 |
_aPoojary, Nishanth. _9168508 |
||
| 245 |
_aStudy on financial performance and growth of the mangalore tiles ltd Kundapura / _cBy Nishanth Poojary ; Guided by Rajani Suresh. |
||
| 260 |
_aKundapura ; _c2022. |
||
| 650 |
_aIndustry profile company profile and introduction to study _9168509 |
||
| 650 |
_aResearch methodology _9168510 |
||
| 650 |
_aData analysis and interpretations _9168511 |
||
| 700 |
_aSuresh, Rajani. _9168512 |
||
| 856 |
_3Mangalore Tiles Ltd. _uwww.omtiles.com _ywww.omtiles.com |
||
| 942 |
_2ddc _cPRO |
||
| 999 |
_c230967 _d230967 |
||